000 00651nam a2200265Ia 4500
005 20260306164311.0
008 008 260114s9999 xx 000 0 eng d
020 _a9781786945020
037 _aEBOOK
040 _aCRL
040 _beng
040 _cCRL
041 _2eng
041 _aeng
084 _qCRL
100 _aBroad
245 0 _aHarold Wilson, Denmark And The Making Of Labour European Policy, 1958-72
260 _bLiverpool University Press
260 _c2019
650 _aEconomics & Finance
856 _uhttps://academic.oup.com/book/43294
942 _cEBOOK
999 _c1713561
_d1713561